MDQL
is popping MORE tags! Check the
thread
!
Quizzes
Events
Quiz Creation
Community
Videos
Private Events
Remove Ads
Sign In
Join for FREE
Feedback
Dark Mode
Quiz Categories
Sports
Geography
Music
Movies
Television
Just For Fun
Miscellaneous
History
Literature
Language
Science
Gaming
Entertainment
Religion
Holiday
For Kids
Quiz Lab
Recent
Popular Today
Quiz Kudos Today
Editor Picks
Curator Picks
Quizzes by...
Day
Popularity
Type
Ratings
Length
Year
Community
Subscriptions
Recent Discussions
Orange Saloon
Badges
Playlists
Quests
Create
Leaderboards
Showdown
Live 5
Trivia Bingo
Activity
Puzzle Library
Sporcle Events
Private Events
Virtual Trivia
Globe League
Become a Host
Pub Owners
SporcleCon
Opinionation
Our Games
Videos
Blog
Mobile Apps
Partnerships
Remove Ads and Go Orange
Feedback
Movies
Disney
Marvel Cinematic Universe
Movie Resume
Movie Titles
Oscar
Actor
Actress
Director
Pixar
Role
Movie Quotes
Movie Characters
Box Office
Nominee
Best Picture
Star Wars
James Bond
Horror Movies
Movies
Disney
Marvel Cinematic Universe
Movie Resume
Movie Titles
Oscar
Actor
Actress
Director
Pixar
Role
Movie Quotes
Movie Characters
Box Office
Nominee
Best Picture
Star Wars
James Bond
Horror Movies
Random Quiz
Search Sporcle
×
Editor Pick
Editor Pick
Movies
Actor
Type in answers that appear in a list
Type in answers that appear in a list
Classic
Best Score? Go Orange.
20 Questions: James Bond Stats
What do you know about Bond, James Bond?
By
knightlancer
4m
20 Questions
2,830 Plays
2,830 Plays
2,830 Plays
Comments
Comments
Give Quiz Kudos
Give Quiz Kudos
-
- Ratings
hide this ad
More Info
Replay
Link that replays current quiz
Next Quiz
Link to next quiz in quiz playlist
You Got
0%
They Got
Avg Score
75%
Avg Friend Score
Upgrade to see
Score Distribution
Jump to the score distribution portion of the page
Score
0/20
Timer
04:00
0
Plays Today
Clue
Answer
% Correct
Code number
007
96%
Occupation
Secret Agent
94.6%
Actor
Sean Connery
93.9%
Country
United Kingdom
92.8%
Actor
Daniel Craig
92.1%
Favoured drink
Martini
91.8%
Actor
Pierce Brosnan
88.5%
Actor
Roger Moore
87.9%
Creator
Ian Fleming
81.7%
Car of choice
Bentley
81.2%
Clue
Answer
% Correct
Actor
Timothy Dalton
80.9%
Enemy -
Poor dentistry
Jaws
72.8%
Actor
George Lazenby
71%
Enemy -
Bowler hat
Oddjob
70.3%
First book
Casino Royale
70.1%
Most frequent enemy (6 movies)
Ernst Stavro Blofeld
63.1%
Gun of choice
Walther PPK
57.3%
Military Rank
Commander
55%
Bond family motto (and movie title)
Orbis Non Sufficit (The World Is Not Enough)
37.1%
Wife
Tracy
31%
Quiz Playlist
Details
Report
Send in Message
Add To Playlist
More Info:
This only considers the Eon movie canon
Classic:
Type in answers that appear in a list
Last Updated: Oct 21, 2021
Editor Pick in
Movies
Quiz Scoreboard
CHALLENGE
Sign Up to Join the Scoreboard
Show All
Scores
Hide
Comments
May contain spoilers
Recently Published
Image Sorting: Flags VI
by Barbecue
Geography
2m
Find the 'City' Movie
by crazypaving
Movies
60s
Colored Red Africa Blitz
by spor1
Geography
45s
More to Explore
Quiz From the Vault
Featured Blog Post
14 Easter Pick-up Lines to Find Eggs With
hide this ad
You Might Also Like...
Tags
Actor Quiz
James Bond Quiz
Movie Characters Quiz
Film Adaptations
Lead Actor
Movie Franchises
Today's Top Quizzes in Movies
Browse Movies
hide this ad
Today's Top Quizzes in Actor
Browse Actor
Top Contributed Quizzes in Movies
1
Find The 'Big' Movie
2
Find The 'Wild' Movie
3
Find The 'Blue' Movie
4
Movies By Plot
5
Hidden Star Wars Character II
6
Pick 5 Posters: Directed by Spielberg
7
The ultimate James Bond movie quiz
8
Hidden Star Wars Character III
9
Hidden Star Wars Character IV
10
25 Best Actor Nominees (1990s)
Explore More
Trending Topics
Anime
Crossword
NBA
Kpop
Marvel
Disney
Harry Potter
WWE
NFL
Pokémon
The Office
Song
Soccer
Country
Puzzle
hide this ad
More By:
knightlancer
Quiz
Plays
Rating
Category
Featured
Created
2010s Pop Culture
83,683
4.65
History
Nov 27, 2019
Disney Movies by Numbers
52,111
4.76
Movies
Oct 13, 2020
2019 Rugby World Cup Teams
50,655
4.65
Sports
Aug 1, 2019
2020 in Popular Culture
42,804
4.43
History
Dec 21, 2020
Movies by Numbers
40,872
4.56
Movies
Nov 20, 2020
Go to Creator's Profile
Score Distribution
Quiz Creator Spotlight
knightlancer
Follow
Send a Message
Quizzes Created
-
Created Quiz Play Count
-
More By This Creator
Popular Quizzes Today
1
Colored Red Africa Blitz
2
Find the US States - No Outlines Minefield
3
Find the 'City' Movie
4
5x2 Blitz: Bands
5
The Countries of the World
6
Find the US States
7
Find the Countries of Europe - No Outlines Minefield
8
US States
More Movies Quizzes
Golden Globes (Drama)
Published
Trending Quizzes
Colored Red Europe Blitz I
Colored Red Europe Blitz II
Colored Red Africa Blitz II
Colored Red Europe Blitz III
Colored Red Africa Blitz III
Recently Updated
How Do You Spell That?
pecheneg
Godzilla Movies
pecheneg
Grab Bag: 4-10 Letters
pecheneg
2024 March Madness Bracket
pecheneg
Famous TV Couples
Peacemaker
Champions League XIs: Real Madrid
pecheneg
Largest US Cities 1790-2010
pecheneg
Rides in Walt Disney World
pecheneg
Most Oscar Losses (Acting)
pecheneg
Beyoncé Albums
pecheneg
Trending Topics
Kpop
Anime
Disney
Marvel
Crossword
NBA
Harry Potter
Pokémon
Puzzle
Country
NFL
Soccer
WWE
Song
The Office
Your Account Isn't Verified!
In order to create a playlist on Sporcle, you need to verify the email address you used during registration. Go to your
Sporcle Settings
to finish the process.
Report this User
Report this user for behavior that violates our
Community Guidelines
.
Details:
Send Report
Go to the Sporcle.com Mobile Site →
Comments